Datum a čas kvízu
22.5
Celkem bodů
Celkový počet nahraných bodů na tomto kvízu bez doplňovacích otázek.
8.
Pořadí na kvízu
Konečné umístění týmu na tomto kvízu.
Zaznamenané odpovědi
| # | Otázka | Odpověď | Body | Výsledky |
|---|---|---|---|---|
| 1. | Ministr práce a sociálních věc... | o 1 600 Kč | 1 | |
| 2. | V pátek mnoha médii proběhla z... | z Vietnamu | 0 | |
| 3. | Který anglický hudebník a býva... | Peter Gabriel | 0 | |
| 4. | Ve středu pravomocně zrušil Mě... | proti dopravním přestupkům | 0 | |
| 5. | Který bývalý reprezentační bra... | Patrik Bartošák | 1 | |
| 6. | Když české divadlo, tak hned n... | 1881, 1883 | 1 | |
| 7. | V roce 1786 vzniklo kvůli zájm... | Bouda | 0 | |
| 8. | V 50. letech minulého století... | František Filipovský, Harpagon | 0.5 | |
| 9. | V této otázce po vás budeme ch... | 1D 2C 3B 4A | 0 | |
| 10. | Jedním z nejslavnějších divade... | Truffaldino | 0 |